Psicología de la vida cotidiana
Guardat en:
| Autors principals: | , |
|---|---|
| Format: | Llibre |
| Idioma: | espanyol |
| Publicat: |
Buenos Aires
Nueva Visión
1998
|
| Edició: | 12a. ed |
| Col·lecció: | Colección Psicología Contemporánea
|
| Matèries: | |
| Etiquetes: |
Afegir etiqueta
Sense etiquetes, Sigues el primer a etiquetar aquest registre!
|
MARC
| LEADER | 00000nam a2200000 a 4500 | ||
|---|---|---|---|
| 001 | UCP4533 | ||
| 003 | CL-VaPUC | ||
| 008 | 990806e19980000AG |||||||||||||||||spa|d | ||
| 082 | 0 | 4 | |a 158.1 |b PIC |2 21 |
| 100 | 0 | |a Pichon Riviere, Enrique |e author |9 432084 | |
| 700 | 0 | |a Pampliega de Quiroga, Ana |e author |9 432085 | |
| 245 | 1 | 0 | |a Psicología de la vida cotidiana |
| 250 | |a 12a. ed | ||
| 300 | |a 197 p | ||
| 942 | |c BK | ||
| 945 | |d 19990806 00:00:00 |a rbrito | ||
| 260 | |a Buenos Aires |b Nueva Visión |c 1998 | ||
| 650 | 0 | |a Psicología aplicada |9 270762 | |
| 650 | 0 | |a Psicología social |9 222894 | |
| 650 | 0 | |a Sociología |9 255410 | |
| 583 | |a last modification |c 19990806 00:00:00 |k Rodrigo Vera | ||
| 490 | 0 | |a Colección Psicología Contemporánea | |
| 999 | |c 282468 |d 282466 | ||
| 952 | |0 0 |1 0 |4 0 |6 158_100000000000000_PIC_1998 |7 0 |8 A |9 324254 |a BIBGIM |b BIBGIM |d 2019-11-20 |i 3546489 |o 158.1 PIC 1998 |p 3546489 |r 2019-11-20 |w 2019-11-20 |y BK |k GIM | ||